|
|
|
|
| LEADER |
00000cam a2200000 7i4500 |
| 001 |
0000025980 |
| 005 |
20150522.0 |
| 008 |
150520 my v may |
| 040 |
|
|
|a INS
|
| 090 |
0 |
0 |
|a VCD 2281
|
| 245 |
0 |
0 |
|a Majlis sambutan hari inovasi & konvokesyen kumpulan inovatif & kreatif (KIK) 2014 (DVD 3) [
|h cakera video]
|f 20-21 Oktober 2014
|
| 260 |
|
|
|a Bangi :
|b Institut Penilaian Negara ,
|c 2014
|
| 300 |
|
|
|a 1cakera video (I jam 23 min.) :
|b by., wrn. ;
|c 4 3/4 in.
|
| 500 |
|
|
|a DVD 3
|
| 650 |
|
0 |
|a Design and technology
|x Competitions
|
| 710 |
2 |
|
|a Institut Penilaian Negara
|
| 999 |
|
|
|a VCD0002281
|b VIDEO CD
|c Media Collection
|e Default branch
|